000
00310nam a22001337a 4500
003
OSt
005
20231127212408.0
008
231127b |||||||| |||| 00| 0 eng d
040
_c
CO-JMCR
082
_a
C /
_b
FALc
100
_a
Falco, Federico,
_9
42969
245
_a
Un cementerio perfecto /
942
_2
ddc
_c
BK
999
_c
30372
_d
16756